Los desafíos de protección de la movilidad /
Uloženo v:
| Hlavní autor: | |
|---|---|
| Další autoři: | |
| Médium: | Kniha |
| Jazyk: | Spanish |
| Tagy: |
Přidat tag
Žádné tagy, Buďte první, kdo vytvoří štítek k tomuto záznamu!
|
MARC
| LEADER | 00000nam a22000007a 4500 | ||
|---|---|---|---|
| 003 | cru CIDCACS/IIS | ||
| 005 | 20180117100159.0 | ||
| 007 | ta | ||
| 008 | 180112s2014 sp |||p|r||||||0| ||spa d | ||
| 999 | |c 40817 |d 40817 | ||
| 040 | |c cru CIDCACS/IIS | ||
| 100 | 1 | |9 6382 |a Philips, Melissa | |
| 245 | 1 | 4 | |a Los desafíos de protección de la movilidad / |c Melissa Philips, Kathrine Starup |
| 300 | |a páginas 27-30 : |b foto | ||
| 700 | 1 | |9 6383 |a Starup, Kathrine | |
| 773 | 0 | |0 19267 |9 1738 |a Centro de Estudios sobre Refugiados |d Universidad de Oxford ; Centro de Estudios sobre Refugiados |o 18230 |t Migraciones Forzadas: |x 14609819 | |
| 942 | |2 ddc |c PP | ||
